000 00596nam a2200253Ia 4500
008 210210b2011 xxu||||| |||| 00| 0 eng d
020 _a9788171888573
041 _aeng
082 _a310.954 EPWI
100 _aEPW RESEARCH FOUNDATION
245 _aIndia: a pocket book of data series 2010-11
260 _aNew Delhi
_bAcademic Foundation
_c2011
300 _a362
650 _aseries
650 _apocket
650 _aof
650 _aIndia:
650 _adata
650 _abook
650 _aa
650 _a2010-11
690 _aMathematical Statistics
906 _a066070
999 _c146777
_d146777